Cài hoa vào quá khứ Câu truyện sư phạm
Sparad:
| Huvudupphovsman: | |
|---|---|
| Materialtyp: | Bok |
| Språk: | Undetermined |
| Publicerad: |
H.
Thanh Niên
2000
|
| Ämnen: | |
| Länkar: | http://lrc.tdmu.edu.vn/opac/search/detail.asp?aID=2&ID=6776 |
| Taggar: |
Lägg till en tagg
Inga taggar, Lägg till första taggen!
|
| Thư viện lưu trữ: | Trung tâm Học liệu Trường Đại học Thủ Dầu Một |
|---|
| LEADER | 00644nam a2200205Ia 4500 | ||
|---|---|---|---|
| 001 | TDMU_6776 | ||
| 008 | 210410s9999 xx 000 0 und d | ||
| 082 | |a 895.9223 | ||
| 090 | |b NG527 | ||
| 100 | |a Nguyễn, Khoa Đăng | ||
| 245 | 0 | |a Cài hoa vào quá khứ | |
| 245 | 0 | |b Câu truyện sư phạm | |
| 245 | 0 | |c Nguyễn Khoa Đăng | |
| 260 | |a H. | ||
| 260 | |b Thanh Niên | ||
| 260 | |c 2000 | ||
| 300 | |a 168tr | ||
| 650 | |a Câu truyện sư phạm; Truyện ngắn | ||
| 856 | |u http://lrc.tdmu.edu.vn/opac/search/detail.asp?aID=2&ID=6776 | ||
| 980 | |a Trung tâm Học liệu Trường Đại học Thủ Dầu Một | ||